[Event "Hamburger SK-Delmenhorster SK"]
[Site "?"]
[Date "2022.09.17"]
[Round "2.1"]
[White "Rabe, Elina"]
[Black "Abram, Kristina-Maria"]
[Result "1/2-1/2"]
[WhiteElo "842"]
[BlackElo "1208"]
[PlyCount "91"]
[EventDate "2022.??.??"]
[WhiteTeam "Delmenhorster SK"]
[BlackTeam "Hamburger SK"]

1. e4 d5 2. exd5 Qxd5 3. Nc3 Qa5 4. Bc4 Bf5 5. Nf3 e6 6. d3 c6 7. a3 Nf6 8. b4
Qc7 9. h3 h6 10. O-O Bd6 11. Re1 O-O 12. Bb2 Nbd7 13. b5 cxb5 14. Nxb5 Qb6 15.
Nxd6 Qxd6 16. Bb5 Rac8 17. Bxd7 Qxd7 18. Bxf6 gxf6 19. Nh4 Bg6 20. Qg4 f5 21.
Qg3 Qc7 22. Qxc7 Rxc7 23. Nxg6 fxg6 24. Rxe6 Kf7 25. Re2 Rfc8 26. c4 Rd8 27.
Re3 Rc5 28. f4 b5 29. cxb5 Rxb5 30. Rae1 Kf8 31. Re6 Rb6 32. a4 Rxd3 33. Rxb6
axb6 34. Re6 Kf7 35. Rxb6 Rd4 36. a5 Ra4 37. a6 Rxf4 38. a7 Ra4 39. Rb7+ Kf6
40. Kf2 Ke6 41. g4 fxg4 42. hxg4 Kd6 43. Kg3 h5 44. gxh5 gxh5 45. Kh3 Kc6 46.
Rh7 1/2-1/2

[Event "Hamburger SK-Delmenhorster SK"]
[Site "?"]
[Date "2022.09.17"]
[Round "2.2"]
[White "Yan, Jenny"]
[Black "Anders, Lia"]
[Result "1-0"]
[WhiteElo "956"]
[BlackElo "600"]
[PlyCount "45"]
[EventDate "2022.??.??"]
[WhiteTeam "Hamburger SK"]
[BlackTeam "Delmenhorster SK"]

1. c4 e5 2. g3 Bc5 3. Bg2 Nc6 4. d3 Nf6 5. Nc3 Ng4 6. e3 O-O 7. Nge2 d6 8. d4
exd4 9. exd4 Bb4 10. O-O Nf6 11. a3 Bxc3 12. Nxc3 Bg4 13. f3 Bh5 14. Bg5 Re8
15. Nd5 h6 16. Nxf6+ gxf6 17. Bxh6 Qd7 18. Qd2 Re7 19. Rae1 Rae8 20. Rxe7 Rxe7
21. Qf4 Re2 22. Qxf6 Rxb2 23. Qg7# 1-0

[Event "Hamburger SK-Delmenhorster SK"]
[Site "?"]
[Date "2022.09.17"]
[Round "2.3"]
[White "Eitel, Liz"]
[Black "Fomenkova, Elina"]
[Result "0-1"]
[WhiteElo "600"]
[BlackElo "1004"]
[PlyCount "56"]
[EventDate "2022.??.??"]
[WhiteTeam "Delmenhorster SK"]
[BlackTeam "Hamburger SK"]

1. e4 e5 2. Nc3 Nf6 3. f4 Nc6 4. Bc4 Bc5 5. d3 d6 6. Nf3 Bg4 7. h3 Bd7 8. Bd2
a6 9. a3 O-O 10. f5 Nd4 11. Bg5 b5 12. Ba2 b4 13. Nd5 bxa3 14. Rb1 axb2 15.
Nxf6+ gxf6 16. Bh6 Re8 17. O-O d5 18. g4 Nxf3+ 19. Kh1 Nd4 20. h4 Bc6 21. g5
dxe4 22. Rf2 e3+ 23. Kg1 exf2+ 24. Kxf2 Nxf5+ 25. Ke2 Nxh4 26. Kd2 Nf3+ 27. Kc3
Qd4+ 28. Kb3 Qb4# 0-1

[Event "SAV Torgelow-Borussia Lichtenberg"]
[Site "?"]
[Date "2022.09.17"]
[Round "2.1"]
[White "Dominick, Johanna"]
[Black "Wilke, Ronja"]
[Result "1-0"]
[WhiteElo "1431"]
[BlackElo "1061"]
[PlyCount "77"]
[EventDate "2022.??.??"]
[WhiteTeam "Borussia Lichtenberg"]
[BlackTeam "SAV Torgelow"]

1. d4 d5 2. Nf3 Nf6 3. e3 Bf5 4. Bd3 Bxd3 5. cxd3 e6 6. O-O c5 7. dxc5 Bxc5 8.
d4 Bd6 9. Nbd2 O-O 10. Qc2 Nc6 11. e4 dxe4 12. Nxe4 Rc8 13. Nxf6+ Qxf6 14. Ng5
g6 15. Qd3 Qxd4 16. Qxd4 Nxd4 17. Be3 Ne2+ 18. Kh1 Rc7 19. Rfe1 Nf4 20. Ne4 a6
21. Nxd6 Nd3 22. Re2 Rc6 23. Ne4 Rfc8 24. h3 f5 25. Nc3 Ne5 26. g3 Nf3 27. Kg2
Ne5 28. Bf4 Nd3 29. Rd1 Nb4 30. a3 Nd5 31. Nxd5 exd5 32. Rxd5 b5 33. Rd7 a5 34.
Ree7 Rc2 35. Rg7+ Kf8 36. Bh6 Rxb2 37. Rxh7+ Kg8 38. Rdg7+ Kf8 39. Rh8# 1-0

[Event "SAV Torgelow-Borussia Lichtenberg"]
[Site "?"]
[Date "2022.09.17"]
[Round "2.2"]
[White "Subocz, Barbara"]
[Black "Klymenko, Mariia"]
[Result "0-1"]
[WhiteElo "890"]
[BlackElo "955"]
[PlyCount "118"]
[EventDate "2022.??.??"]
[WhiteTeam "SAV Torgelow"]
[BlackTeam "Borussia Lichtenberg"]

1. e4 e5 2. f4 exf4 3. Nf3 Nf6 4. Nc3 Nc6 5. d4 Qe7 6. Bd3 g6 7. O-O Bg7 8. e5
Ng4 9. h3 Ne3 10. Bxe3 fxe3 11. Re1 O-O 12. Rxe3 d6 13. Nd5 Qd8 14. Nc3 Re8 15.
Qe2 f6 16. exf6 Rxe3 17. Qxe3 Qxf6 18. d5 Nb4 19. a3 Nxd3 20. cxd3 b6 21. Nb5
Qf7 22. Ng5 Qd7 23. Nd4 Bb7 24. Qe4 Re8 25. Qh4 h6 26. Ngf3 Bxd5 27. Qg3 c5 28.
Nc2 Re2 29. Nce1 Qe6 30. Rb1 Bxb2 31. Kh2 Bxa3 32. d4 Bb2 33. dxc5 dxc5 34. Nd3
Qe4 35. Qb8+ Kf7 36. Qc7+ Qe7 37. Qxe7+ Kxe7 38. Nh4 g5 39. Nf5+ Kf6 40. Nd6
Rxg2+ 41. Kh1 Rd2+ 42. Kg1 Bd4+ 43. Kf1 Rxd3 44. Ne8+ Ke5 45. Re1+ Be4 46. Nc7
Rf3+ 47. Ke2 Re3+ 48. Kf2 Rxe1+ 49. Kxe1 a5 50. Kd2 a4 51. Nb5 Kd5 52. Ke2 Kc4
53. Nd6+ Kb3 54. Nxe4 a3 55. Nd2+ Kb4 56. Kd3 a2 57. Kc2 a1=Q 58. Nb3 Qc3+ 59.
Kb1 Qb2# 0-1

[Event "SAV Torgelow-Borussia Lichtenberg"]
[Site "?"]
[Date "2022.09.17"]
[Round "2.3"]
[White "Ali, Maha"]
[Black "Briese, Sophie"]
[Result "1-0"]
[WhiteElo "600"]
[BlackElo "836"]
[PlyCount "73"]
[EventDate "2022.??.??"]
[WhiteTeam "Borussia Lichtenberg"]
[BlackTeam "SAV Torgelow"]

1. e4 e5 2. Nf3 Nc6 3. Bc4 Bc5 4. c3 Nf6 5. d3 O-O 6. Bg5 d6 7. h3 h6 8. Be3
Bxe3 9. fxe3 d5 10. exd5 Nxd5 11. e4 Nb6 12. Nbd2 Qf6 13. O-O Qg6 14. Kh1 Nd7
15. Nh4 Qg5 16. Ndf3 Qg3 17. Nf5 Qg6 18. Kh2 Nf6 19. N3h4 Qg5 20. Nf3 Qf4+ 21.
Ng3 Nh5 22. Qe1 Re8 23. Ng1 Qh4 24. Nxh5 Qxh5 25. g4 Qg6 26. Qf2 Be6 27. Bxe6
Rxe6 28. Nf3 Rf6 29. Qc5 Rf4 30. Nxe5 Qf6 31. Rxf4 Qxf4+ 32. Kh1 Nxe5 33. Qxc7
Nf3 34. Qxf4 Ng5 35. h4 Nh3 36. Qe3 g5 37. Qxh3 1-0

[Event "SC Weisse Dame-Schachzwerge Magdeb."]
[Site "?"]
[Date "2022.09.18"]
[Round "3.1"]
[White "Breja, Eva"]
[Black "Xiao, Yiyi"]
[Result "0-1"]
[WhiteElo "1027"]
[BlackElo "1421"]
[PlyCount "94"]
[EventDate "2022.??.??"]
[WhiteTeam "Schachzwerge Magdeb."]
[BlackTeam "SC Weisse Dame"]

1. e4 e5 2. d4 exd4 3. Qxd4 Nc6 4. Qc4 Qf6 5. Nc3 Bb4 6. Bd2 d6 7. Nd5 Bxd2+ 8.
Kxd2 Qxf2+ 9. Qe2 Qd4+ 10. Qd3 Qxd3+ 11. Bxd3 Kd8 12. Nf3 Be6 13. Ng5 Nge7 14.
Bc4 Ne5 15. b3 h6 16. Nxe6+ fxe6 17. Nxe7 Kxe7 18. Rab1 Rhf8 19. Rhf1 Rad8 20.
Rxf8 Rxf8 21. Rg1 c6 22. Be2 d5 23. exd5 exd5 24. g4 Rf2 25. h4 Rh2 26. Rf1
Rxh4 27. Bd1 Nxg4 28. Bxg4 Rxg4 29. Re1+ Kd6 30. Rf1 Ke6 31. Re1+ Re4 32. Rg1
g5 33. Rh1 Rh4 34. Re1+ Kd6 35. Rf1 Kc5 36. Rf7 Kb6 37. a4 a6 38. c3 g4 39. Ke1
h5 40. b4 Rh3 41. Rh7 h4 42. Kf2 Rf3+ 43. Kg2 h3+ 44. Kg1 Rxc3 45. a5+ Ka7 46.
Kf2 g3+ 47. Kg1 Rc1# 0-1

[Event "SC Weisse Dame-Schachzwerge Magdeb."]
[Site "?"]
[Date "2022.09.18"]
[Round "3.2"]
[White "Zhou, Leyi Charlotte"]
[Black "Funke, Luise"]
[Result "1-0"]
[WhiteElo "1367"]
[BlackElo "1052"]
[PlyCount "93"]
[EventDate "2022.??.??"]
[WhiteTeam "SC Weisse Dame"]
[BlackTeam "Schachzwerge Magdeb."]

1. e4 e5 2. Nf3 Nc6 3. d4 exd4 4. Nxd4 Bc5 5. Be3 Qf6 6. c3 d6 7. Bb5 Bd7 8.
O-O Qe7 9. Nd2 Nf6 10. Qf3 a6 11. Nxc6 bxc6 12. Bxc5 cxb5 13. e5 dxc5 14. Qxa8+
Qd8 15. Qxd8+ Kxd8 16. exf6 gxf6 17. Ne4 f5 18. Nxc5 Bc6 19. Nxa6 Rg8 20. g3 f4
21. Nb4 Bd7 22. Rad1 Kc8 23. Nd5 Rd8 24. Nxf4 f5 25. Nd5 Kb8 26. Ne7 Kb7 27.
Rd2 c6 28. Rfd1 Kc7 29. Nxf5 h5 30. Nh6 Kc8 31. Nf7 Rf8 32. Rxd7 Kb8 33. Rd8+
Rxd8 34. Rxd8+ Kc7 35. Rh8 Kd7 36. Rxh5 Ke7 37. Rf5 Ke6 38. Rf3 Kd5 39. h4 Ke6
40. h5 Ke7 41. h6 Kd7 42. h7 Kc7 43. h8=Q Kb6 44. Qb8+ Kc5 45. Qa7+ Kd5 46.
Qd4+ Ke6 47. Qd6# 1-0

[Event "SC Weisse Dame-Schachzwerge Magdeb."]
[Site "?"]
[Date "2022.09.18"]
[Round "3.3"]
[White "Lahne, Paula"]
[Black "John, Linnea"]
[Result "0-1"]
[WhiteElo "904"]
[BlackElo "1034"]
[PlyCount "102"]
[EventDate "2022.??.??"]
[WhiteTeam "Schachzwerge Magdeb."]
[BlackTeam "SC Weisse Dame"]

1. e4 c5 2. Nf3 Nc6 3. Bb5 g6 4. Bxc6 dxc6 5. Nc3 Bg7 6. d3 Nf6 7. Bf4 O-O 8.
Qd2 Bg4 9. Qe3 Qb6 10. h3 Bxf3 11. Qxf3 Qxb2 12. Kd2 Nh5 13. e5 Qb4 14. g3 Qd4
15. Ne2 Qd5 16. Qxd5 cxd5 17. g4 Nxf4 18. Nxf4 Bxe5 19. Nxd5 Bxa1 20. Rxa1 e6
21. Nf6+ Kg7 22. Nd7 Rfc8 23. Rb1 b6 24. Ne5 f6 25. Nf3 Rd8 26. Re1 e5 27. g5
Rf8 28. gxf6+ Rxf6 29. Nxe5 Rxf2+ 30. Kc1 Re8 31. Re4 Rf5 32. Nc6 Rxe4 33. dxe4
Rf1+ 34. Kd2 a6 35. Ke2 Rf6 36. Nd8 Rd6 37. Nb7 Rd7 38. Nxc5 bxc5 39. Ke3 Kf6
40. Kf4 Rd2 41. e5+ Ke6 42. c4 Rxa2 43. Ke4 Rb2 44. Kf4 a5 45. h4 a4 46. Ke4 a3
47. Kf4 a2 48. Kg5 a1=Q 49. h5 Qg1+ 50. Kh6 gxh5 51. Kxh5 Rh2# 0-1

[Event "SC Weisse Dame-Schachzwerge Magdeb."]
[Site "?"]
[Date "2022.09.18"]
[Round "3.4"]
[White "Burchardi, Helena"]
[Black "Börner, Martha"]
[Result "1-0"]
[WhiteElo "918"]
[BlackElo "842"]
[PlyCount "83"]
[EventDate "2022.??.??"]
[WhiteTeam "SC Weisse Dame"]
[BlackTeam "Schachzwerge Magdeb."]

1. e4 e5 2. Nf3 Nc6 3. Bc4 Nf6 4. d4 exd4 5. O-O Nxe4 6. Re1 d5 7. Bb3 Bb4 8.
Bd2 Bxd2 9. Nbxd2 O-O 10. Nxe4 dxe4 11. Rxe4 Re8 12. Qe2 Rxe4 13. Qxe4 a6 14.
Re1 h6 15. Rd1 b5 16. Bd5 Bg4 17. Bxc6 Bxf3 18. Qxf3 Rb8 19. Qe4 b4 20. Rxd4
Qg5 21. g3 Qc1+ 22. Kg2 Qxb2 23. Bd5 c5 24. Rc4 Rc8 25. Qf5 Rc7 26. Re4 g6 27.
Qe5 Qxe5 28. Rxe5 a5 29. Be4 a4 30. Kf3 c4 31. Ra5 f5 32. Bd5+ Kg7 33. Rxa4 b3
34. axb3 cxb3 35. cxb3 Rc3+ 36. Kf4 Kf6 37. Ra6+ Ke7 38. Ke5 Rc5 39. Ra7+ Kd8
40. Kd6 Rc1 41. Rh7 h5 42. Rh8# 1-0

[Event "SC Weisse Dame.II-Hamburger SK"]
[Site "?"]
[Date "2022.09.18"]
[Round "3.1"]
[White "Abram, Kristina-Maria"]
[Black "Fedorova, Mariia"]
[Result "1-0"]
[WhiteElo "1208"]
[BlackElo "836"]
[PlyCount "31"]
[EventDate "2022.??.??"]
[WhiteTeam "Hamburger SK"]
[BlackTeam "SC Weisse Dame.II"]

1. b3 e5 2. Bb2 Nc6 3. e3 Bc5 4. Bb5 Nge7 5. Nf3 e4 6. Ng5 O-O 7. Qg4 d5 8. Qe2
a6 9. Bxc6 Nxc6 10. h4 Nb4 11. Na3 c6 12. Qh5 h6 13. f4 hxg5 14. hxg5 f6 15. g6
Rf7 16. Qh8# 1-0

[Event "SC Weisse Dame.II-Hamburger SK"]
[Site "?"]
[Date "2022.09.18"]
[Round "3.2"]
[White "Dinges, Mara"]
[Black "Yan, Jenny"]
[Result "0-1"]
[WhiteElo "797"]
[BlackElo "956"]
[PlyCount "86"]
[EventDate "2022.??.??"]
[WhiteTeam "SC Weisse Dame.II"]
[BlackTeam "Hamburger SK"]

1. d4 Nf6 2. Bf4 e6 3. e3 Bd6 4. Bg3 Nc6 5. Nc3 Bxg3 6. hxg3 d6 7. Bd3 e5 8. d5
Ne7 9. e4 c6 10. Bc4 Qb6 11. b3 Ng4 12. Qe2 Qd4 13. Qd2 Qxd2+ 14. Kxd2 Nxf2 15.
Rh2 Ng4 16. Rh4 cxd5 17. exd5 Nf6 18. Nf3 Nf5 19. Rh3 Bd7 20. g4 Ne7 21. Rg3
Nxg4 22. Ke2 Rg8 23. Rh1 Nh6 24. Ng5 Bf5 25. Nb5 Kd7 26. Nxh7 Bxh7 27. a4 a6
28. Nc3 Nef5 29. Rg5 f6 30. Rgh5 Ng3+ 31. Kf2 Nxh1+ 32. Rxh1 Bxc2 33. Rc1 Bh7
34. Ke2 Nf5 35. Rf1 Ng3+ 36. Kf2 Nxf1 37. Kxf1 Rae8 38. Nb5 axb5 39. Bxb5+ Kc7
40. Bxe8 Rxe8 41. b4 b6 42. a5 bxa5 43. bxa5 Ra8 0-1

[Event "SC Weisse Dame.II-Hamburger SK"]
[Site "?"]
[Date "2022.09.18"]
[Round "3.3"]
[White "Fomenkova, Elina"]
[Black "Schumacher, Barbara"]
[Result "1-0"]
[WhiteElo "1004"]
[BlackElo "785"]
[PlyCount "49"]
[EventDate "2022.??.??"]
[WhiteTeam "Hamburger SK"]
[BlackTeam "SC Weisse Dame.II"]

1. e4 e5 2. d4 exd4 3. Qxd4 Nc6 4. Qa4 Bc5 5. Nc3 Nf6 6. Bg5 O-O 7. O-O-O Qe7
8. f4 Be3+ 9. Kb1 d6 10. Nd5 Qd8 11. Nxe3 Nb8 12. e5 Bd7 13. Qc4 Be6 14. Nd5 c6
15. exf6 cxd5 16. Qc3 Qb6 17. fxg7 Rc8 18. Qg3 Bf5 19. Bd3 Be6 20. Qh4 h6 21.
Qxh6 f5 22. Qh8+ Kf7 23. g8=Q+ Rxg8 24. Qf6+ Ke8 25. Qe7# 1-0

[Event "SC Weisse Dame.II-Hamburger SK"]
[Site "?"]
[Date "2022.09.18"]
[Round "3.4"]
[White "Sachsenröder, Frida"]
[Black "Blome, Antonia"]
[Result "1-0"]
[WhiteElo "755"]
[BlackElo "981"]
[PlyCount "69"]
[EventDate "2022.??.??"]
[WhiteTeam "SC Weisse Dame.II"]
[BlackTeam "Hamburger SK"]

1. d4 Nf6 2. Bf4 Nh5 3. Bd2 Nf6 4. Nf3 d5 5. c3 h6 6. e3 Bf5 7. Be2 Ne4 8. O-O
e6 9. Bd3 Bd6 10. Qc2 a6 11. Ne5 f6 12. Nf3 g6 13. Be2 Ng3 14. Bd3 Nxf1 15.
Kxf1 Qe7 16. Nh4 Rg8 17. Nxf5 gxf5 18. Be2 Qg7 19. Bf3 Bxh2 20. c4 Qd7 21. Bh5+
Kd8 22. Bb4 e5 23. Nd2 e4 24. Rd1 Qg7 25. cxd5 Qxg2+ 26. Ke2 Bg1 27. Be7+ Kxe7
28. Qxc7+ Nd7 29. d6+ Ke6 30. Qc4+ Kxd6 31. Qb4+ Kd5 32. Bf7+ Kc6 33. Rc1+ Nc5
34. Qxc5+ Kd7 35. Qc7# 1-0

[Event "Borussia Lichtenberg-SchVgg Blankenese"]
[Site "?"]
[Date "2022.09.18"]
[Round "3.1"]
[White "Polster, Martha"]
[Black "Dominick, Johanna"]
[Result "1-0"]
[WhiteElo "858"]
[BlackElo "1431"]
[PlyCount "115"]
[EventDate "2022.??.??"]
[WhiteTeam "SchVgg Blankenese"]
[BlackTeam "Borussia Lichtenberg"]

1. e4 d6 2. d4 Nf6 3. Nc3 g6 4. Bc4 Bg7 5. Nf3 b6 6. e5 dxe5 7. Nxe5 Bb7 8.
Nxf7 Qd7 9. Nxh8 e6 10. Nxg6 hxg6 11. f3 Nc6 12. Bb5 a6 13. Ba4 b5 14. Bb3 Nxd4
15. Be3 Nxb3 16. Qxd7+ Nxd7 17. cxb3 O-O-O 18. O-O Ne5 19. Ne4 Nd7 20. Rfc1
Bxb2 21. Bf4 Bxc1 22. Rxc1 e5 23. Bg3 Bxe4 24. fxe4 Re8 25. Rc6 Kb7 26. Rxg6
Nc5 27. Rg5 Nxe4 28. Rxe5 Rxe5 29. Bxe5 c5 30. h4 c4 31. bxc4 bxc4 32. h5 Ng5
33. Kf2 Nf7 34. Bc3 Kc6 35. Kf3 Kc5 36. a4 Kd5 37. g3 Kc5 38. Kf4 Kd6 39. Kf5
Ke7 40. Kg6 Ke6 41. g4 Ne5+ 42. Kg5 Nf3+ 43. Kh6 Ne5 44. Kg5 Nf7+ 45. Kf4 Ke7
46. g5 Nd6 47. g6 Ne8 48. h6 Nc7 49. g7 Kf7 50. h7 Nd5+ 51. Kg5 Nxc3 52. g8=Q+
Ke7 53. Qxc4 Nxa4 54. Qxa4 Kf7 55. h8=Q Ke7 56. Qxa6 Kd7 57. Qh7+ Ke8 58. Qa8#
1-0

[Event "Borussia Lichtenberg-SchVgg Blankenese"]
[Site "?"]
[Date "2022.09.18"]
[Round "3.2"]
[White "Klymenko, Mariia"]
[Black "Kail, Oleksandra"]
[Result "1-0"]
[WhiteElo "955"]
[BlackElo "600"]
[PlyCount "63"]
[EventDate "2022.??.??"]
[WhiteTeam "Borussia Lichtenberg"]
[BlackTeam "SchVgg Blankenese"]

1. e4 e5 2. Nf3 Nc6 3. Bc4 Bc5 4. c3 Qe7 5. d4 Bd6 6. O-O Nf6 7. Re1 O-O 8. Bg5
h6 9. Bh4 a6 10. a4 Na5 11. Nbd2 c5 12. d5 b6 13. b3 Re8 14. Qc2 b5 15. axb5
axb5 16. Bxb5 Bb7 17. Bxf6 Qxf6 18. Bxd7 Red8 19. Bb5 Rdb8 20. c4 Bc8 21. Qc3
Rb7 22. Rxa5 Rxa5 23. Qxa5 Bc7 24. Qc3 Bg4 25. Ra1 Bb6 26. Nxe5 Ra7 27. Rxa7
Bxa7 28. Qg3 Qg5 29. f4 Qe7 30. Qxg4 f6 31. Qe6+ Kf8 32. Ng6# 1-0

[Event "Borussia Lichtenberg-SchVgg Blankenese"]
[Site "?"]
[Date "2022.09.18"]
[Round "3.3"]
[White "Fettan, Nua"]
[Black "Ali, Maha"]
[Result "1-0"]
[WhiteElo "600"]
[BlackElo "600"]
[PlyCount "95"]
[EventDate "2022.??.??"]
[WhiteTeam "SchVgg Blankenese"]
[BlackTeam "Borussia Lichtenberg"]

1. e4 d6 2. Nf3 Nf6 3. Nc3 c6 4. d4 Qa5 5. Bd3 e5 6. dxe5 dxe5 7. Bd2 Qc7 8.
O-O Bc5 9. Bg5 Nbd7 10. Na4 Qd6 11. Be2 Qe7 12. Qd3 b5 13. Nxc5 Qxc5 14. Rfd1
O-O 15. Qd6 Qxc2 16. Bd3 Qa4 17. Qxc6 Ba6 18. Bc2 Qb4 19. Qxa6 Nc5 20. Qd6 Nfd7
21. Nxe5 Nxe5 22. Qxe5 f6 23. Qd5+ Kh8 24. Bd2 Qc4 25. Qxc4 bxc4 26. Bb4 Rac8
27. Rd5 Rfe8 28. Bxc5 Kg8 29. Bxa7 Kf7 30. Ba4 Rxe4 31. Rd7+ Kg6 32. Bc2 Rce8
33. Bxe4+ Rxe4 34. Be3 h5 35. a4 Re8 36. Rb7 Ra8 37. a5 Ra6 38. Rb6 Ra8 39. a6
Kf5 40. a7 Rxa7 41. Rxa7 g5 42. Ra5+ Kg6 43. Bxg5 h4 44. Bxh4 Kh7 45. Bxf6 Kg6
46. Bc3+ Kf7 47. Ra7+ Kg8 48. Rb8# 1-0

[Event "SAV Torgelow-TSG Oberschöneweide"]
[Site "?"]
[Date "2022.09.18"]
[Round "3.1"]
[White "Le, Thao-Linh"]
[Black "Wilke, Ronja"]
[Result "1-0"]
[WhiteElo "1182"]
[BlackElo "1061"]
[PlyCount "63"]
[EventDate "2022.??.??"]
[WhiteTeam "TSG Oberschöneweide"]
[BlackTeam "SAV Torgelow"]

1. e4 e5 2. Nc3 Nf6 3. f4 d5 4. fxe5 Nxe4 5. Qf3 Nxc3 6. bxc3 Nc6 7. d4 Be6 8.
Bd3 Qd7 9. Ne2 O-O-O 10. Nf4 Be7 11. Qe2 Bg4 12. Qf2 f6 13. h3 Bf5 14. e6 Qd6
15. Bxf5 g6 16. Bd3 f5 17. Rb1 Bg5 18. O-O Rhe8 19. Re1 Qe7 20. Qf1 Qd6 21. Ba6
Na5 22. Bb5 Nc6 23. h4 Bxh4 24. Bxc6 Qxc6 25. Re2 Qd6 26. Qf3 Bg5 27. Qg3 Bf6
28. Rb3 Qa6 29. Qf3 Qxa2 30. Nxd5 Bg7 31. Ne7+ Rxe7 32. Qxb7# 1-0

[Event "SAV Torgelow-TSG Oberschöneweide"]
[Site "?"]
[Date "2022.09.18"]
[Round "3.2"]
[White "Subocz, Barbara"]
[Black "Weng, Yueyi Elina"]
[Result "0-1"]
[WhiteElo "890"]
[BlackElo "779"]
[PlyCount "24"]
[EventDate "2022.??.??"]
[WhiteTeam "SAV Torgelow"]
[BlackTeam "TSG Oberschöneweide"]

1. e4 e5 2. f4 d6 3. fxe5 dxe5 4. Nf3 Bg4 5. Be2 Nc6 6. Nc3 Bc5 7. h3 Bxf3 8.
Bxf3 Qh4+ 9. Ke2 Qf2+ 10. Kd3 Rd8+ 11. Kc4 Qd4+ 12. Kb5 Qb4# 0-1

[Event "SAV Torgelow-TSG Oberschöneweide"]
[Site "?"]
[Date "2022.09.18"]
[Round "3.3"]
[White "Ruddat, Maila"]
[Black "Briese, Sophie"]
[Result "0-1"]
[WhiteElo "924"]
[BlackElo "836"]
[PlyCount "66"]
[EventDate "2022.??.??"]
[WhiteTeam "TSG Oberschöneweide"]
[BlackTeam "SAV Torgelow"]

1. e4 e5 2. Nf3 Nc6 3. Bc4 Bc5 4. d3 Nf6 5. Nc3 O-O 6. Bg5 d6 7. Nd5 Bd4 8.
Nxf6+ gxf6 9. Bh6 Re8 10. Nh4 Qe7 11. Qf3 Kh8 12. Nf5 Bxf5 13. Qxf5 Rg8 14. g4
Nb4 15. O-O-O Bb6 16. Kb1 Rg6 17. Be3 c6 18. a3 Na6 19. Rhg1 Nc7 20. Rg3 d5 21.
Bb3 d4 22. Bd2 Rf8 23. Rh3 Nb5 24. Rg1 Bc5 25. Rh6 Bxa3 26. Rxg6 fxg6 27. Qe6
Qc5 28. Bh6 Bxb2 29. Bxf8 Nc3+ 30. Kxb2 Qxf8 31. Rg3 Nb5 32. Rh3 Qa3+ 33. Kb1
Nc3# 0-1

[Event "Hamburger SK-SC Weisse Dame"]
[Site "?"]
[Date "2022.09.18"]
[Round "4.1"]
[White "Xiao, Yiyi"]
[Black "Abram, Kristina-Maria"]
[Result "1-0"]
[WhiteElo "1421"]
[BlackElo "1208"]
[PlyCount "49"]
[EventDate "2022.??.??"]
[WhiteTeam "SC Weisse Dame"]
[BlackTeam "Hamburger SK"]

1. e4 d5 2. exd5 Qxd5 3. Nf3 Nf6 4. Nc3 Qa5 5. d4 c6 6. Be2 Bf5 7. O-O e6 8.
Be3 Bb4 9. Bd2 Ne4 10. Nxe4 Bxe4 11. c3 Bd6 12. Qb3 Qh5 13. h3 b6 14. Rae1 Qg6
15. c4 c5 16. d5 O-O 17. dxe6 fxe6 18. Ng5 Bf5 19. Bf3 Bd3 20. Rxe6 Rf6 21.
Rxf6 gxf6 22. Bd5+ Kh8 23. Nf7+ Kg7 24. Bh6+ Kg8 25. Ne5+ 1-0

[Event "Hamburger SK-SC Weisse Dame"]
[Site "?"]
[Date "2022.09.18"]
[Round "4.2"]
[White "Yan, Jenny"]
[Black "Zhou, Leyi Charlotte"]
[Result "0-1"]
[WhiteElo "956"]
[BlackElo "1367"]
[PlyCount "80"]
[EventDate "2022.??.??"]
[WhiteTeam "Hamburger SK"]
[BlackTeam "SC Weisse Dame"]

1. c4 e5 2. g3 Nf6 3. Bg2 Nc6 4. Nc3 Bc5 5. Nf3 O-O 6. d3 d6 7. Bd2 Be6 8. O-O
Re8 9. Qb3 Na5 10. Qb5 b6 11. b4 Bd7 12. Qa6 Bxb4 13. Rab1 Bxc3 14. Bxc3 c6 15.
Bxa5 bxa5 16. c5 Bc8 17. Qc4 Be6 18. Qc2 Nd5 19. a3 Nc7 20. cxd6 Qxd6 21. Ng5
Bd7 22. d4 g6 23. dxe5 Qxe5 24. Qd2 Rad8 25. Qe3 Bf5 26. Qxe5 Rxe5 27. Rb7 Nb5
28. Bxc6 Nd4 29. Nxf7 Nxc6 30. Nxd8 Nxd8 31. Rb8 Rd5 32. Re1 Kg7 33. e4 Nc6 34.
Rb2 Re5 35. Rb7+ Kh6 36. Rc7 Nd4 37. Re3 Bxe4 38. Rc4 Nf3+ 39. Rxf3 Bxf3 40.
Kf1 Be2+ 0-1

[Event "Hamburger SK-SC Weisse Dame"]
[Site "?"]
[Date "2022.09.18"]
[Round "4.3"]
[White "John, Linnea"]
[Black "Fomenkova, Elina"]
[Result "1-0"]
[WhiteElo "1034"]
[BlackElo "1004"]
[PlyCount "79"]
[EventDate "2022.??.??"]
[WhiteTeam "SC Weisse Dame"]
[BlackTeam "Hamburger SK"]

1. e4 d5 2. exd5 Nf6 3. d4 Nxd5 4. c4 Nb4 5. Nc3 Bf5 6. Qa4+ N8c6 7. Be2 Nc2+
8. Kf1 N2xd4 9. Bd1 e5 10. Be3 a6 11. Bxd4 b5 12. cxb5 Qxd4 13. bxc6 Bd3+ 14.
Nge2 Bb4 15. Kg1 Bxe2 16. Nxe2 Qxb2 17. Rc1 Qd2 18. g3 O-O 19. Qc2 Qd6 20. Rb1
Rfe8 21. Nc3 Qd4 22. Rb3 e4 23. Ne2 Qb6 24. a3 e3 25. Rxb4 Qa7 26. f3 a5 27.
Rb7 Qa6 28. Rxc7 a4 29. Rd7 Qa5 30. Kg2 Qh5 31. c7 g5 32. Qc6 Rac8 33. Qd6 g4
34. fxg4 Qa5 35. Rf1 Qa8+ 36. Kg1 Qe4 37. Rfxf7 Qa8 38. Rg7+ Kh8 39. Rxh7+ Kg8
40. Rdg7# 1-0

[Event "Hamburger SK-SC Weisse Dame"]
[Site "?"]
[Date "2022.09.18"]
[Round "4.4"]
[White "Blome, Antonia"]
[Black "Burchardi, Helena"]
[Result "1-0"]
[WhiteElo "981"]
[BlackElo "918"]
[PlyCount "121"]
[EventDate "2022.??.??"]
[WhiteTeam "Hamburger SK"]
[BlackTeam "SC Weisse Dame"]

1. d4 d5 2. Bf4 Bf5 3. Nf3 Nf6 4. h3 e6 5. Nbd2 Bd6 6. Ne5 Nfd7 7. e3 Nc6 8.
Bb5 Ncxe5 9. dxe5 c6 10. exd6 cxb5 11. O-O Qf6 12. c3 e5 13. Bg3 Qxd6 14. Nf3
O-O 15. Re1 Rfe8 16. e4 Be6 17. Qd3 a6 18. b3 Nc5 19. Qd2 Nxe4 20. Rxe4 f6 21.
Nxe5 fxe5 22. Bxe5 Qd7 23. Re3 Rf8 24. Rd1 Rad8 25. Qe2 Qf7 26. Rdd3 Bf5 27.
Rd2 Bg6 28. a4 bxa4 29. bxa4 Qd7 30. c4 Qxa4 31. cxd5 Bf7 32. Red3 Be8 33. Rd4
Qa5 34. d6 Rf5 35. f4 Qb6 36. g4 Rf7 37. Kg2 Bc6+ 38. Kg3 a5 39. Rb2 Qa7 40. f5
a4 41. Rdd2 Qg1+ 42. Kh4 Qh1 43. Qh2 Qe1+ 44. Qg3 Qc1 45. Rbc2 Qh1 46. Qh2 Qe4
47. Qf4 Qxf4 48. Bxf4 h6 49. Be3 Re8 50. Bc5 b5 51. Rc3 Re4 52. Rd4 Rxd4 53.
Bxd4 Bd5 54. Rc8+ Rf8 55. d7 Kf7 56. Rxf8+ Kxf8 57. d8=Q+ Kf7 58. Qxd5+ Ke7 59.
Bc5+ Ke8 60. Qe6+ Kd8 61. Bb6# 1-0

[Event "Schachzwerge Magdeb.-Borussia Lichtenber"]
[Site "?"]
[Date "2022.09.18"]
[Round "4.1"]
[White "Dominick, Johanna"]
[Black "Breja, Eva"]
[Result "1-0"]
[WhiteElo "1431"]
[BlackElo "1027"]
[PlyCount "75"]
[EventDate "2022.??.??"]
[WhiteTeam "Borussia Lichtenberg"]
[BlackTeam "Schachzwerge Magdeb."]

1. d4 d5 2. Nf3 Nc6 3. e3 Nf6 4. Bd3 Bg4 5. h3 Bh5 6. O-O e5 7. g4 Bg6 8. Nxe5
Nxe5 9. dxe5 Nd7 10. Bxg6 hxg6 11. Qxd5 Qe7 12. Qxb7 Nb6 13. Qc6+ Qd7 14. Qxd7+
Nxd7 15. Nc3 Nxe5 16. Kg2 Bd6 17. Nb5 f5 18. Nxd6+ cxd6 19. f4 Nc4 20. b3 Nb6
21. Bb2 fxg4 22. hxg4 Kf8 23. Rad1 Re8 24. Rfe1 Rd8 25. Rd2 Rh4 26. Kg3 Rh6 27.
Red1 Nc8 28. Ba3 Ke7 29. Bb2 Kf7 30. g5 Rhh8 31. Ba3 Rh7 32. Bxd6 Rdh8 33. Kf3
Rh3+ 34. Ke4 Ke8 35. Be5 Kf7 36. Rd7+ Ke6 37. Rxg7 Ne7 38. Rd6# 1-0

[Event "Schachzwerge Magdeb.-Borussia Lichtenber"]
[Site "?"]
[Date "2022.09.18"]
[Round "4.2"]
[White "Funke, Luise"]
[Black "Klymenko, Mariia"]
[Result "0-1"]
[WhiteElo "1052"]
[BlackElo "955"]
[PlyCount "100"]
[EventDate "2022.??.??"]
[WhiteTeam "Schachzwerge Magdeb."]
[BlackTeam "Borussia Lichtenberg"]

1. e4 e5 2. Nf3 Nc6 3. Bc4 Nf6 4. d3 Bc5 5. Nc3 h6 6. Be3 Bb6 7. Qd2 d6 8. h3
Be6 9. Bb3 Qd7 10. Ba4 O-O-O 11. O-O Nh5 12. Bxb6 cxb6 13. b4 Nf4 14. Rfc1 g5
15. b5 Nd4 16. Nxd4 exd4 17. Nd5 Nxd5 18. exd5 Bxd5 19. c3 dxc3 20. Qxc3+ Kb8
21. Bb3 Qf5 22. Bxd5 Qxd5 23. Qc4 Qf5 24. Rc3 Rc8 25. Qb3 Rxc3 26. Qxc3 Re8 27.
Rc1 h5 28. Qc7+ Ka8 29. Qxd6 Qxb5 30. Qc7 Qf5 31. d4 a6 32. Qxb6 h4 33. Rb1 Rb8
34. f3 Qd5 35. a4 f5 36. Qc5 Qd7 37. a5 g4 38. f4 gxh3 39. gxh3 Rd8 40. Rd1 Rc8
41. Qe5 Re8 42. Qc5 Rc8 43. Qb6 Rc3 44. Kg2 Qd5+ 45. Kf2 Qf3+ 46. Ke1 Re3+ 47.
Kd2 Qe2+ 48. Kc1 Rc3+ 49. Kb1 Qc2+ 50. Ka1 Ra3# 0-1